00416nam a22001457a 450000500170000000800410001702000150005804100130007308200130008610000130009924500420011226000580015430000320021265000260024420240620104834.0240620b |||||||| |||| 00| 0 eng d a040685159X aEnglish  a349 LAW  lEnglish  aThe All England Law Reports: Reprint  aLondon: bButterworth and Co. Publishers Ltd, c2002  bxvii, 1024 pages; c25 cm.  aLegal practice bLaw